ESSENTIALS OF DERMATOLOGY AND SEXUALLY TRANSMITTED DISEASES :AN ILLUSTRATED SYNOPSIS (Record no. 216684)

MARC details
000 -LEADER
fixed length control field 00578nam a22001817a 4500
008 - FIXED-LENGTH DATA ELEMENTS--GENERAL INFORMATION
fixed length control field 260226b |||||||| |||| 00| 0 eng d
020 ## - INTERNATIONAL STANDARD BOOK NUMBER
International Standard Book Number 978 93 86235 54 1
050 ## - LIBRARY OF CONGRESS CALL NUMBER
Classification number RC 200 .G87 2018
100 ## - MAIN ENTRY--PERSONAL NAME
Personal name GUPTA,RAMJI
245 ## - TITLE STATEMENT
Title ESSENTIALS OF DERMATOLOGY AND SEXUALLY TRANSMITTED DISEASES :AN ILLUSTRATED SYNOPSIS
250 ## - EDITION STATEMENT
Edition statement 2ND
260 ## - PUBLICATION, DISTRIBUTION, ETC.
Place of publication, distribution, etc. INDIA
Name of publisher, distributor, etc. UNIVERSITIES PRESS
Date of publication, distribution, etc. 2018
300 ## - PHYSICAL DESCRIPTION
Extent V,206P.,ILLUSTRATION.
500 ## - GENERAL NOTE
General note INCLUDES APPENDIX AND INDEXES
650 ## - SUBJECT ADDED ENTRY
Topical term or geographic name entry element 1.DERMATOLOGY-TEXT BOOK 2.SKIN-DISEASES-TEXT BOOK
942 ## - ADDED ENTRY ELEMENTS (KOHA)
Source of classification or shelving scheme Library of Congress Classification
Koha item type Long Loan Book
Holdings
Withdrawn status Lost status Source of classification or shelving scheme Damaged status Not for loan Collection Home library Current library Shelving location Date acquired Inventory number Total checkouts Full call number Barcode Date last seen Copy number Price effective from Koha item type
    Library of Congress Classification     Medicine Kisii University Library Kisii University Library On Display 02/26/2026 111227   RC 200 .G87 2018 A000026 02/26/2026 1 02/26/2026 Long Loan Book
    Library of Congress Classification     Medicine Kisii University Library Kisii University Library On Display 02/26/2026 111228   RC 200 .G87 2018 A000056 02/26/2026 2 02/26/2026 Long Loan Book
    Library of Congress Classification     Medicine Kisii University Library Kisii University Library On Display 02/26/2026 111229   RC 200 .G87 2018 A000046 02/26/2026 3 02/26/2026 Long Loan Book
    Library of Congress Classification     Medicine Kisii University Library Kisii University Library On Display 02/26/2026 111230   RC 200 .G87 2018 A000024 02/26/2026 4 02/26/2026 Long Loan Book
    Library of Congress Classification     Medicine Kisii University Library Kisii University Library On Display 02/26/2026 111231   RC 200 .G87 2018 A000030 02/26/2026 5 02/26/2026 Long Loan Book
    Library of Congress Classification     Medicine Kisii University Library Kisii University Library On Display 02/26/2026 111232   RC 200 .G87 2018 A000041 02/26/2026 6 02/26/2026 Long Loan Book
    Library of Congress Classification     Medicine Kisii University Library Kisii University Library On Display 02/26/2026 111233   RC 200 .G87 2018 A000043 02/26/2026 7 02/26/2026 Long Loan Book
    Library of Congress Classification     Medicine Kisii University Library Kisii University Library On Display 02/26/2026 111234   RC 200 .G87 2018 A000045 02/26/2026 8 02/26/2026 Long Loan Book